Statistiken für Gemeinden der West-Autobahn (A1)

Klicken Sie hier um das Quiz zu spielen!

Allgemein

  • Dieses Quiz wurde 7 mal gespielt
    (2 seit der letzten Aktualisierung)
  • Das Durchschnittsergebnis liegt bei 24 aus 73

Antwortstatistiken

BezirkGemeinde% Korrekt
PLAltlengbach
100%
PLBöheimkirchen
100%
AMHaag
100%
MEMelk
100%
AMOed-Oehling
100%
AMAmstetten
50%
LLAnsfelden
50%
AMArdagger
50%
VBBerg im Attergau
50%
MEBergland
50%
MEBlindenmarkt
50%
PLEichgraben
50%
LLEnns
50%
AMEnnsdorf
50%
MEErlauf
50%
PLHaunoldstein
50%
MEHürm
50%
PLKirchstetten
50%
LLinz
50%
MELoosdorf
50%
PLNeulengbach
50%
MENeumarkt an der Ybbs
50%
PLOber-Grafendorf
50%
MEPöchlarn
50%
PLPressbaum
50%
PLPurkersdorf
50%
SSalzburg
50%
LLSankt Florian
50%
AMSankt Georgen am Ybbsfelde
50%
VBSankt Georgen im Attergau
50%
PLSankt Margarethen an der Sierning
50%
PSankt Pölten
50%
AMSankt Valentin
50%
VBSchörfling am Attersee
50%
VBSeewalchen am Attersee
50%
VBStraß im Attergau
50%
AMViehdorf
50%
GMVorchdorf
50%
SLWals-Siezenheim
50%
WWien
50%
AMWolfsbach
50%
AMZeillern
50%
LLAllhaming
0%
AMAschbach-Markt
0%
LLAsten
0%
VBAurach am Hongar
0%
VBDesselbrunn
0%
WLEberstalzell
0%
LLEggendorf im Traunkreis
0%
SLEugendorf
0%
PLGerersdorf
0%
SLHallwang
0%
VBInnerschwand am Mondsee
0%
GMLaakirchen
0%
VBLenzing
0%
PLMarkersdorf-Haindorf
0%
VBMondsee
0%
PLNeustift-Innermanzing
0%
VBOberwang
0%
GMOhlsdorf
0%
LLPucking
0%
PLPyhra
0%
VBRegau
0%
GMRoitham am Traunfall
0%
VBSankt Lorenz
0%
WLSattledt
0%
MESchollach
0%
WLSipbachzell
0%
SLThalgau
0%
VBTiefgraben
0%
WLWeißkirchen an der Traun
0%
PLWolfsgraben
0%
MEZelking-Matzleinsdorf
0%

Verteilung der Resultate

Perzentil nach korrekt beantworteten Fragen

Anzahl Personen mit jedem Resultat

Ihre Resultats-Entwicklung

Sie haben dieses Quiz seit der letzten Aktualisierung nicht gespielt